[Event "IND-ch U15 Girls 30th"]
[Site "Kolkata"]
[Date "2013.08.07"]
[Round "3"]
[White "Dharani, Sree R"]
[Black "Suryapriya, Sengupta"]
[Result "1-0"]
[WhiteElo "1684"]
[BlackElo "1349"]
[PlyCount "89"]
[EventDate "2013.08.06"]
[EventType "swiss"]
[EventRounds "11"]
[EventCountry "IND"]
[SourceTitle "CBM 155 Extra"]
[Source "ChessBase"]
[SourceDate "2013.08.26"]
[SourceVersion "1"]
[SourceVersionDate "2013.08.26"]
[SourceQuality "1"]

1. e4 e5 2. Nf3 Nc6 3. Bc4 Bc5 4. c3 d6 5. d3 Nf6 6. h3 h6 7. Nbd2 0-0 8. 0-0 Be6 9. Bb3 Nh7 10. Re1 Ng5 11. a4 a6 12. Bc2 Qf6 13. b4 Ba7 14. b5 Ne7 15. Qe2 Qg6 16. Nxg5 Qxg5 17. Nf3 Qg6 18. Kh2 Qf6 19. bxa6 bxa6 20. Bd2 Ng6 21. Rad1 Nf4 22. Bxf4 Qxf4+ 23. Kh1 g5 24. d4 g4 25. Ng1 Kh8 26. g3 Qg5 27. h4 Qf6 28. Qe3 c5 29. dxe5 dxe5 30. Kg2 c4 31. Qe2 Rfd8 32. a5 Rxd1 33. Rxd1 Rd8 34. Rd2 Qe7 35. Bd1 Kh7 36. Qe1 Rxd2 37. Qxd2 Qa3 38. Ne2 Qxa5 39. f4 Qc7 40. fxe5 Qxe5 41. Bc2 Qc5 42. Nd4 Qd6 43. e5+ Kg7 44. exd6 Bxd4 45. Qxd4+ 1-0